000 00790nam a2200253Ia 4500
003 OSt
005 20220923212353.0
006 a|||||r|||| 00| 0
007 ta
008 220922b |||||||| |||| 00| 0 hin d
024 _a152,434
037 _cTextual
040 _aARTS
_cARTS
_bhin
041 _2hin
_ahin
082 _aO122,3NSAw,1, 152N2
100 _aसार्थ, जौं-पॉल
_9156265
245 0 _aशब्द
246 _aShabda
260 _aनई दिल्ली
_b साहित्य अकादेमी 1992
_c1992
300 _a159 पृ.
_ccm.
650 _aहिन्दी साहित्य
_9156264
942 _hO122,3NSAw,1, 152N2
_cTEXL
_2CC
999 _c308083
_d308083